|
|
|
|
| LEADER |
00000nam a2200000Ia 4500 |
| 008 |
180307b1998 cr ||||| |||| 00| | spa d |
| 999 |
|
|
|c 1616
|d 1616
|
| 090 |
|
|
|a 06.02.03
|b 533
|
| 100 |
1 |
|
|a Bruni Celli, Josefina
|9 3459
|
| 245 |
1 |
|
|a Foro educativo Venezuela : experiencias de reforma y gestión /
|c Josefina Bruni Celli; Milko Ramsés González, compiladores
|
| 260 |
|
|
|a Caracas, Venezuela :
|b Ediciones IESA,
|c 1998
|
| 300 |
|
|
|a 175 páginas
|
| 650 |
1 |
4 |
|a DESARROLLO DE LA EDUCACIÓN
|9 24
|
| 650 |
1 |
4 |
|a INNOVACIONES PEDAGÓGICAS
|9 666
|
| 650 |
1 |
4 |
|a PROYECTOS DE EDUCACION
|9 152
|
| 700 |
|
|
|a González, Milko Ramsés
|9 3460
|
| 711 |
|
|
|a Foro Educativo Venezuela : Experiencias de Reforma y Gestión [ 1° : 1998 : Caracas, Venezuela]
|9 3461
|
| 942 |
|
|
|i 00920 ,00921
|h 06.02.03 533
|2 z
|c 01
|